BTS music videos: No vowels - Statistics

General Stats
  • This quiz has been taken 216 times
  • The average score is 23 of 30
Answer Stats
Hint Answer % Correct
blckswn Black swan
97%
dngr Danger
97%
dynmt Dynamite
95%
prmssntdnc Permission to dance
95%
sprngdy Spring day
95%
bldswttrs Blood sweat and tears
93%
mcdrp Mic drop
92%
bynlv Boy in luv
90%
fklv Fake love
90%
n NO
90%
stygld Stay gold
88%
wrblltprf We are bulletproof
88%
bywthlv Boy with luv
86%
bttr Butter
86%
jstndy Just one day
81%
svm Save me
81%
n ON
78%
nttdy Not today
77%
rn Run
77%
nmrdrm No more dream
75%
lfgsn Life goes on
74%
dp Dope
73%
yttcm Yet to come
69%
dn DNA
66%
fr Fire
61%
wrfhrmn War of hormone
61%
nd I need u
53%
dl Idol
41%
rpln Airplane
36%
flmt Film out
36%
No matching quizzes found
Score Distribution
Percent of People with Each Score
Percentile by Number Answered
Your Score History
You have not taken this quiz